[Event "ESTCC U65 2018"]
[Site "Walbrzych"]
[Date "2018.04.15"]
[Round "2"]
[White "Staechelin, Ruedi"]
[Black "Kierzek, Matthias"]
[Result "1/2-1/2"]
[WhiteElo "2091"]
[BlackElo "2272"]
[Annotator "TA"]
[PlyCount "119"]
[EventDate "2018.??.??"]
[EventCountry "POL"]
[SourceTitle "playchess.com"]
[Source "ChessBase"]
[SourceQuality "1"]
[WhiteTeam "Switzerland"]
[BlackTeam "Germany"]
[WhiteTeamCountry "SUI"]
[BlackTeamCountry "GER"]

{[%evp 25,119,0,0,-19,9,7,23,0,6,0,0,11,20,14,10,12,26,18,18,-4,17,12,25,25,29,14,23,24,57,36,52,32,33,32,37,32,29,37,46,38,58,41,35,27,25,22,24,0,0,0,0,0,0,0,14,14,9,9,14,10,18,14,18,14,14,14,18,18,18,18,18,0,0,0,53,0,46,46,46,46,46,46,63,63,71,77,121,104,142,114,215,160,123,152,139,0]} 1. e4 c6 2. d4 d5 3. Nc3 dxe4 4. Nxe4 Bf5 5. Ng3 Bg6 6. N1e2 Nf6 7. Nf4 e5 8. Nxg6 hxg6 9. dxe5 Qa5+ 10. c3 {B18: Classical Caro-Kann: 4...Bf5 sidelines} Qxe5+ 11. Qe2 Nbd7 12. Bf4 Qxe2+ 13. Bxe2 Bc5 {LiveBook: 5 Games} 14. Bf3 O-O (14... O-O-O 15. O-O Nd5 16. Bxd5 cxd5 {½-½ (51) Svidler,P (2727)-Giri,A (2793) Baku 2015}) 15. O-O {[#]} a5 $146 ({Find the theoretical novelty and annotate with similar games:} 15... Nb6) 16. a4 Rfe8 17. Rfe1 Rxe1+ 18. Rxe1 Nb6 19. b3 Nbd5 20. Bd2 Kf8 21. Kf1 Rd8 22. Re2 Bd6 23. Be1 Bf4 24. Ne4 Nxe4 25. Bxe4 Nf6 ({Not} 25... Bxh2 $2 26. g3 $16) 26. Bf3 Rd3 ({But not} 26... Bxh2 $2 27. g3 $18) 27. Rc2 g5 ({Much weaker is} 27... Bxh2 $6 28. Be2 $16) 28. Be2 Rd7 29. g3 Bc7 30. Bf3 g4 31. Be2 Rd5 32. c4 Rh5 33. Kg1 Bb6 34. h4 Rf5 35. Kg2 Bc5 36. f3 gxf3+ 37. Bxf3 Bb4 $1 {[%cal Rb4e1]} 38. Bf2 Re5 39. g4 Nd7 (39... Re6 {NOTEXT} 40. Re2 Rd6 41. h5 Nd7 42. Be4 Nc5) 40. Re2 Rxe2 41. Bxe2 $11 {[%mdl 4096] Endgame KBB-KBN} Nc5 42. Bd1 Ne4 43. Bb6 f6 44. Bc2 Nc5 45. Kf3 Kf7 46. h5 Ke6 47. Ke3 Kd6 48. Kd4 Nd7 49. Bd8 Nc5 (49... Ne5 $11) 50. Ke3 ({White should play} 50. h6 $1 $14 Ne6+ 51. Kd3 gxh6 52. Bxf6) 50... Ne6 {[#]} 51. h6 $1 {[%cal Rh6h7][%mdl 512]} gxh6 52. Bxf6 Ba3 53. Ke4 Bc1 54. Bc3 b6 55. Kf5 Ng5 56. Bd4 c5 57. Be5+ Kd7 (57... Ke7 $16 {keeps fighting.}) 58. Kf6 Nf3 59. Bf5+ Kd8 60. Bc2 {Precision: White = 58%, Black = 41%.} (60. Bd6 $16) 1/2-1/2

[Event "ESTCC U65 2018"]
[Site "Walbrzych"]
[Date "2018.04.15"]
[Round "2"]
[White "White, Alastair F"]
[Black "Holst, Per"]
[Result "1/2-1/2"]
[WhiteElo "2069"]
[BlackElo "2140"]
[Annotator "TA"]
[PlyCount "36"]
[EventDate "2018.??.??"]
[EventCountry "POL"]
[SourceTitle "playchess.com"]
[Source "ChessBase"]
[SourceQuality "1"]
[WhiteTeam "Scotland"]
[BlackTeam "Denmark"]
[WhiteTeamCountry "SCO"]
[BlackTeamCountry "DEN"]

{[%evp 11,36,-12,-5,-43,-28,-47,-43,-62,-62,-70,-55,-62,-47,-51,-52,-56,-28,-45,0,0,16,15,22,-31,-26,-22,36]} 1. e4 e6 2. b3 d5 3. Bb2 dxe4 4. Nc3 Nf6 5. Qe2 Be7 6. Nxe4 O-O {LiveBook: 14 Games. C00: French: Unusual White 2nd moves} (6... a5 7. a4 O-O 8. Nf3 Nbd7 9. g3 Nxe4 10. Qxe4 Bf6 11. d4 Nc5 12. Qe3 b6 13. Bg2 Bb7 14. O-O {0-1 (49) Ruperez Benito,A (2348)-Moreno Ruiz,J (2443) Madrid 2018}) 7. d4 Qd5 8. f3 $146 ({Predecessor:} 8. Nxf6+ Bxf6 9. O-O-O b6 10. Nf3 Bb7 11. Ne5 Rd8 12. f4 Qa5 13. Qe3 Nd7 14. Bd3 {1-0 (37) Spinelli,D (2200)-Crea,V (2160) Asti 1997}) 8... Qa5+ {Black is slightly better.} 9. Qd2 Qxd2+ 10. Kxd2 Rd8 11. Bd3 Nc6 12. Ne2 Nb4 13. Ba3 Nxe4+ 14. Bxe4 e5 (14... f5 $5 {[%cal Rf5e4]} 15. Bd3 c5 $15) 15. c3 Nc6 16. Bxe7 Nxe7 17. Ke3 (17. Rad1 $11) 17... exd4+ $15 18. Nxd4 Nd5+ (18... f5 $11 19. Bd3 Nd5+ 20. Kd2 c5) 1/2-1/2

[Event "ESTCC U65 2018"]
[Site "Walbrzych"]
[Date "2018.04.15"]
[Round "2"]
[White "Meskanen, Vesa"]
[Black "Lisenko, Alexander V"]
[Result "0-1"]
[WhiteElo "2066"]
[BlackElo "2368"]
[Annotator "TA"]
[PlyCount "72"]
[EventDate "2018.??.??"]
[EventCountry "POL"]
[SourceTitle "playchess.com"]
[Source "ChessBase"]
[SourceQuality "1"]
[WhiteTeam "Finland"]
[BlackTeam "Russia"]
[WhiteTeamCountry "FIN"]
[BlackTeamCountry "RUS"]

{[%evp 21,72,17,47,20,37,24,34,32,33,31,37,33,39,45,58,47,54,57,57,45,46,23,56,47,48,7,14,0,53,57,23,8,15,10,77,64,74,0,0,0,0,-121,-110,-110,-107,-536,-103,-987,-727,-712,-382,-29996,-1299]} 1. d4 Nf6 2. c4 e6 3. Nf3 Bb4+ 4. Bd2 Qe7 5. g3 Nc6 6. Nc3 O-O 7. Bg2 Bxc3 8. Bxc3 Ne4 9. Qc2 Nxc3 10. Qxc3 d6 11. O-O a5 {LiveBook: 19 Games} 12. b3 {E11: Bogo-Indian} (12. d5 $5 {[%cal Rd5c6]} Nb8 13. Nd4 $14) 12... Re8 $146 ({Predecessor:} 12... e5 13. d5 Nb8 14. Nd2 Re8 15. Rae1 Nd7 16. f4 Nf6 17. e4 {½-½ (17) Yanvarjov,I (2420)-Hernandez Onna,R (2430) Collado Villalba 1997}) 13. e4 e5 14. d5 {White is slightly better.} Nb8 15. a3 {[%cal Ba2a3,Ba3b4][%mdl 32]} c6 16. b4 cxd5 17. exd5 b6 18. Rfe1 axb4 19. axb4 Rxa1 20. Qxa1 Qc7 21. Rc1 (21. Qc3 {is more complex.} Bg4 22. Nd4 Bd7 23. Nb3 Rc8 24. Bf1) 21... Bb7 22. Nd2 {[%cal Bf3d2,Bd2b3,Bb3d4,Bd4f5][%mdl 32]} Nd7 23. Qc3 f5 24. f4 e4 (24... exf4 $11 25. gxf4 Nf6) 25. Nb3 b5 26. Nd4 {[#] Black must now prevent c5.} bxc4 27. Nxf5 {[%csl Gf5][%cal Rc3g7]} Nf6 (27... Qb6+ $11 28. Qd4 Qxd4+ 29. Nxd4 Bxd5) 28. Qxc4 $16 Qd7 29. Bh3 $40 {[%mdl 128] White mounts an attack.} (29. Ne3 $16) 29... Kh8 $11 30. Qd4 e3 31. g4 (31. Re1 $11 {remains equal.}) 31... Re4 $17 ({Worse is} 31... Nxd5 32. Re1 $14) 32. Qb6 {Bg2 is the strong threat.} e2 33. Kf2 $2 {[%mdl 8192]} (33. Re1 $17 {nothing else works.} Qc8 34. g5 (34. Nxd6 $2 Qc3 $19)) 33... Rxf4+ $2 (33... Nxd5 $19 {and Black stays clearly on top.} 34. Qxd6 Qe8) 34. Kxe2 $2 {[%mdl 8192]} (34. Ke1 $17 Nxd5 35. Qxd6) 34... Qe8+ 35. Kd2 Rf2+ 36. Kd3 $2 {[#]} (36. Qxf2 $19 Ne4+ 37. Ke3 Nxf2+ 38. Kxf2) 36... Qe4+ {Precision: White = 33%, Black = 44%.} (36... Qe2+ $142 37. Kd4 Qd2+ 38. Kc4 Qxd5+ 39. Kc3 Ne4#) 0-1

[Event "ESTCC U65 2018"]
[Site "Walbrzych"]
[Date "2018.04.15"]
[Round "2"]
[White "Rantanen, Veikko"]
[Black "Tichatschke, Wolfgang"]
[Result "1/2-1/2"]
[WhiteElo "2007"]
[BlackElo "1967"]
[Annotator "NA RC"]
[PlyCount "57"]
[EventDate "2018.??.??"]
[EventCountry "POL"]
[SourceTitle "playchess.com"]
[Source "ChessBase"]
[SourceQuality "1"]
[WhiteTeam "Finland"]
[BlackTeam "Germany"]
[WhiteTeamCountry "FIN"]
[BlackTeamCountry "GER"]
[TimeControl "40/5400+30:1800+30"]

1. e4 {[%emt 0:00:00]} e6 {[%emt 0:00:10]} 2. d4 {[%emt 0:00:00]} d5 {[%emt 0:00:04]} 3. Nd2 {[%emt 0:00:17]} c5 {[%emt 0:00:11]} 4. Ngf3 {[%emt 0:01:57]} Nc6 {[%emt 0:01:29]} 5. exd5 {[%emt 0:02:16]} exd5 {[%emt 0:02:17]} 6. Be2 {[%emt 0:01:23]} Nf6 {[%emt 0:00:57]} 7. O-O {[%emt 0:00:19]} Be7 {[%emt 0:03:37]} 8. dxc5 {[%emt 0:00:20]} Bxc5 {[%emt 0:00:29]} 9. Nb3 {[%emt 0:00:47] LiveBook: 29 Games} Be7 {[%emt 0:01:35] C08: French Tarrasch: 3...c5 4 exd5 exd5 sidelines} 10. Nfd4 {[%emt 0:05:45]} O-O {[%emt 0:00:39]} 11. Bf4 {[%emt 0:00:57]} a6 {[%emt 0:05:19]} 12. c3 {[%emt 0:02:34]} Na5 $146 {[%emt 0:05:14]} ({Find the theoretical novelty and annotate with similar games:} 12... Ne4 13. Qc2 Bd6 14. Bxd6 Qxd6 15. Rad1 Nf6 16. Nxc6 Qxc6 17. Bf3 {1-0 (57) Popov,V (2546)-Golubov,S (2347) St Petersburg 2014}) 13. Nxa5 {[%emt 0:01:54]} Qxa5 {[%emt 0:00:04]} 14. Bd3 {[%emt 0:01:04]} g6 {[%emt 0:10:40]} 15. Re1 {[%emt 0:02:22]} Re8 {[%emt 0:06:54]} 16. Qd2 {[%emt 0:08:04]} Qd8 {[%emt 0:13:39]} 17. h3 {[%emt 0:03:09]} Bd7 {[%emt 0:05:45]} 18. Re2 {[%emt 0:04:47]} Bf8 {[%emt 0:07:24]} 19. Rae1 {[%emt 0:01:15]} Qb6 {[%emt 0:01:18]} 20. Bg5 {[%emt 0:03:15]} Rxe2 {[%emt 0:02:01]} 21. Rxe2 {[%emt 0:00:17]} Re8 {[%emt 0:01:04]} 22. Rxe8 {[%emt 0:01:40]} Nxe8 {[%emt 0:01:48]} 23. Qe2 {[%emt 0:10:20]} Qd6 {[%emt 0:01:53]} 24. Qe3 {[%emt 0:08:26]} Ng7 {[%emt 0:06:04]} 25. Nb3 {[%emt 0:06:52]} Bf5 $11 {[%emt 0:04:56]} 26. Bf4 {[%emt 0:05:13]} Qd7 {[%emt 0:01:15]} 27. g4 {[%emt 0:03:41]} Bxd3 {[%emt 0:02:24]} 28. Qxd3 {[%emt 0:00:06]} Ne6 {[%emt 0:00:10]} 29. Be3 {[%emt 0:01:26]} 1/2-1/2

[Event "ESTCC U65 2018"]
[Site "Walbrzych"]
[Date "2018.04.15"]
[Round "2"]
[White "Olesen, Poul Erik Norgaard"]
[Black "Marks, Ian A"]
[Result "1-0"]
[WhiteElo "2005"]
[BlackElo "1895"]
[Annotator "NA RC"]
[PlyCount "63"]
[EventDate "2018.??.??"]
[EventCountry "POL"]
[SourceTitle "playchess.com"]
[Source "ChessBase"]
[SourceQuality "1"]
[WhiteTeam "Denmark"]
[BlackTeam "Scotland"]
[WhiteTeamCountry "DEN"]
[BlackTeamCountry "SCO"]
[TimeControl "40/5400+30:1800+30"]

1. e4 {[%emt 0:00:00]} c6 {[%emt 0:00:14]} 2. d3 {[%emt 0:00:00]} d5 {[%emt 0:00:08]} 3. Nd2 {[%emt 0:00:00]} e5 {[%emt 0:00:09]} 4. Ngf3 {[%emt 0:00:03]} Bd6 {[%emt 0:00:15]} 5. d4 {[%emt 0:00:22]} exd4 {[%emt 0:00:34]} 6. exd5 {[%emt 0:00:30]} Nf6 {[%emt 0:00:53] B10: Caro-Kann: 2 d3 and 2 c4} 7. Nxd4 {[%emt 0:13:28] LiveBook: 15 Games} (7. Nc4 Bb4+ 8. Bd2 Bxd2+ 9. Qxd2 cxd5 10. Nce5 O-O 11. O-O-O Nc6 12. Nxc6 bxc6 13. Qxd4 Bg4 14. Bd3 {1-0 (38) Carlsen,M (2832)-So,W (2815) chess.com INT 2017}) 7... Nxd5 {[%emt 0:02:18]} 8. Qe2+ {[%emt 0:18:00]} Qe7 {[%emt 0:04:11]} 9. Nc4 $146 {[%emt 0:06:34]} ({Find the theoretical novelty and annotate with similar games:} 9. Qxe7+ Bxe7 {½-½ (9) Landenbergue,C (2410)-Delemarre,J (2435) Bern 1998}) 9... Qxe2+ {[%emt 0:01:00]} 10. Bxe2 {[%emt 0:00:10]} Bc7 {[%emt 0:04:16]} 11. Bf3 {[%emt 0:02:14]} Nf4 {[%emt 0:02:23]} 12. g3 {[%emt 0:06:05]} Ne6 {[%emt 0:04:35]} 13. Nf5 {[%emt 0:00:46]} g6 {[%emt 0:04:23]} 14. Ncd6+ {[%emt 0:05:31]} Bxd6 {[%emt 0:04:43]} 15. Nxd6+ {[%emt 0:00:09]} Ke7 {[%emt 0:00:39]} 16. Nxc8+ {[%emt 0:02:28]} Rxc8 {[%emt 0:00:03]} 17. Be3 {[%emt 0:00:17]} Nd7 {[%emt 0:01:03]} 18. O-O-O {[%emt 0:00:55]} Ne5 {[%emt 0:01:02]} 19. Be2 {[%emt 0:02:50]} Rd8 {[%emt 0:07:04]} 20. f4 {[%emt 0:01:17]} Rxd1+ {[%emt 0:01:03]} 21. Rxd1 {[%emt 0:00:02]} Nd7 {[%emt 0:00:26]} 22. g4 $14 {[%emt 0:01:11]} Rd8 {[%emt 0:05:21]} 23. f5 {[%emt 0:04:09]} Nc7 {[%emt 0:08:34]} 24. h3 {[%emt 0:09:24]} Nd5 {[%emt 0:04:03]} 25. Bf2 {[%emt 0:02:54]} Nf4 {[%emt 0:03:31]} 26. Bf1 {[%emt 0:00:57]} gxf5 {[%emt 0:03:02]} 27. gxf5 {[%emt 0:01:01]} b6 {[%emt 0:14:20]} 28. Bg3 {[%emt 0:02:40]} Nh5 {[%emt 0:07:38]} 29. Bd6+ {[%emt 0:03:31]} Kf6 {[%emt 0:00:19]} 30. Bc7 {[%emt 0:00:20]} Re8 {[%emt 0:00:21]} 31. Rxd7 {[%emt 0:00:21]} Re1+ {[%emt 0:00:09]} 32. Rd1 {[%emt 0:00:15]} 1-0

[Event "ESTCC U65 2018"]
[Site "Walbrzych"]
[Date "2018.04.15"]
[Round "2"]
[White "Lundgren, Ulf"]
[Black "Jorgensen, Arne Bjorn"]
[Result "0-1"]
[WhiteElo "1989"]
[BlackElo "1956"]
[Annotator "NA RC"]
[PlyCount "37"]
[EventDate "2018.??.??"]
[EventCountry "POL"]
[SourceTitle "playchess.com"]
[Source "ChessBase"]
[SourceQuality "1"]
[WhiteTeam "Sweden"]
[BlackTeam "Denmark"]
[WhiteTeamCountry "SWE"]
[BlackTeamCountry "DEN"]
[TimeControl "40/5400+30:1800+30"]

1. d4 {[%emt 0:00:00]} f5 {[%emt 0:00:07]} 2. g3 {[%emt 0:00:00]} Nf6 {[%emt 0:00:05]} 3. Bg2 {[%emt 0:00:00]} g6 {[%emt 0:00:07]} 4. c4 {[%emt 0:01:07]} Bg7 {[%emt 0:00:05]} 5. e3 {[%emt 0:01:25]} O-O {[%emt 0:00:20]} 6. Ne2 {[%emt 0:00:20]} d6 {[%emt 0:01:14]} 7. Nbc3 {[%emt 0:00:59]} Nc6 {[%emt 0:03:24]} 8. O-O {[%emt 0:00:27]} e5 {[%emt 0:01:04]} 9. Bxc6 {[%emt 0:09:09] A25: English Opening vs King's Indian with ...Nc6 but without early d3} (9. Rb1 a5 10. a3 Kh8 11. b4 axb4 12. axb4 Ne7 13. Qb3 c6 14. Rd1 e4 15. f3 d5 16. cxd5 Nexd5 17. Nxd5 Nxd5 {0-1 (41) Reinderman,D (2573)-L'Ami,E (2615) Delft 2013}) 9... bxc6 {[%emt 0:00:18]} 10. dxe5 {[%emt 0:00:08]} dxe5 {[%emt 0:00:27]} 11. Qa4 $146 {[%emt 0:00:54]} ({Predecessor:} 11. Qxd8 Rxd8 12. b3 g5 13. Ba3 Re8 14. Rfe1 g4 15. Rad1 h5 16. Kg2 Kf7 {½-½ (34) Raicevic,M (2372)-Kontic,D (2343) Ulcinj 2014}) 11... Bd7 {[%emt 0:05:25]} 12. b3 {[%emt 0:02:03]} Rf7 {[%emt 0:03:56]} 13. Qa5 {[%emt 0:04:33]} Qe7 {[%emt 0:10:49]} 14. Ba3 {[%emt 0:02:11]} ({Much worse is} 14. Qxc7 Qb4 $15) 14... Qe6 {[%emt 0:03:28]} 15. Kg2 {[%emt 0:23:22]} f4 $1 {[%emt 0:03:40]} 16. exf4 {[%emt 0:01:08]} Qh3+ {[%emt 0:06:01]} 17. Kf3 {[%emt 0:02:35]} Qh5+ {[%emt 0:13:33]} 18. Kg2 {[%emt 0:00:59]} Bh3+ {[%emt 0:01:18]} 19. Kg1 {[%emt 0:00:36]} 0-1

[Event "ESTCC U65 2018"]
[Site "Walbrzych"]
[Date "2018.04.15"]
[Round "2"]
[White "Lehtosaari, Kalevi"]
[Black "Gromark, Per-Olof"]
[Result "1/2-1/2"]
[WhiteElo "1964"]
[BlackElo "1901"]
[Annotator "NA RC"]
[PlyCount "37"]
[EventDate "2018.??.??"]
[EventCountry "POL"]
[SourceTitle "playchess.com"]
[Source "ChessBase"]
[SourceQuality "1"]
[WhiteTeam "Finland"]
[BlackTeam "Sweden"]
[WhiteTeamCountry "FIN"]
[BlackTeamCountry "SWE"]
[TimeControl "40/5400+30:1800+30"]

1. c4 e6 2. Nc3 d5 3. d4 Nf6 4. Bg5 Be7 5. e3 Nbd7 6. Nf3 h6 7. Bh4 O-O 8. Bd3 c5 9. O-O b6 10. Re1 Bb7 11. Rc1 Ne4 12. Bxe7 Qxe7 13. Nd2 Nxc3 14. bxc3 dxc4 15. Bxc4 Rac8 16. e4 Rfd8 17. f4 $19 (17. Bf1 $15) 17... Qf6 18. g3 Nf8 19. Nf3 1/2-1/2

[Event "ESTCC U65 2018"]
[Site "Walbrzych"]
[Date "2018.04.15"]
[Round "2"]
[White "Grahn, Lars"]
[Black "Kolbak, Jens"]
[Result "0-1"]
[WhiteElo "1949"]
[BlackElo "2213"]
[Annotator "TA"]
[PlyCount "98"]
[EventDate "2018.??.??"]
[EventCountry "POL"]
[SourceTitle "playchess.com"]
[Source "ChessBase"]
[SourceQuality "1"]
[WhiteTeam "Sweden"]
[BlackTeam "Denmark"]
[WhiteTeamCountry "SWE"]
[BlackTeamCountry "DEN"]

{[%evp 18,98,59,39,98,37,80,63,97,44,41,37,66,58,68,72,132,90,88,66,66,65,160,146,162,162,283,300,294,298,349,331,350,350,347,338,358,300,284,293,536,320,518,351,359,345,702,672,690,697,646,239,263,264,440,304,691,228,224,225,213,231,180,176,151,25,68,0,0,0,0,-246,-252,-29970,-29971,-29971,-29970,-29960,-29952,-5868,-5362,-2111,-1804]} 1. d4 Nf6 2. c4 g6 3. Nc3 Bg7 4. e4 d6 5. Nge2 O-O 6. Ng3 e5 7. d5 c6 8. Be2 cxd5 9. cxd5 a6 10. h4 {LiveBook: 5 Games. E70: King's Indian: Miscellaneous lines with 4 e4, including 5 Nge2 and 5 Bd3 0-0 6 Nge2} b5 (10... h5 $1 $14) 11. a3 (11. h5 $16) 11... Nbd7 {[#]} 12. h5 $146 {White is better.} ({Find the theoretical novelty and annotate with similar games:} 12. Be3 Nb6 13. Rc1 Nc4 14. Bxc4 bxc4 15. Na4 Rb8 16. Rxc4 Bd7 {1-0 (55) Costachi,M (2399)-Ciobanu,V (2200) Olanesti 2016}) 12... Re8 13. hxg6 (13. Bg5 $16) 13... fxg6 $14 14. Bg5 Nb6 15. b3 Bd7 16. Qd2 Rc8 (16... Re7 $142) 17. Rc1 Rf8 18. f3 Rf7 19. O-O Qe8 (19... h6 $14 20. Bxh6 Bxh6 21. Qxh6 Rh7) 20. Be3 Qd8 21. Na2 {[%cal Bc3a2,Ba2b4,Bb4d3][%mdl 32]} Nh5 (21... Na8 {was worth a try.} 22. Nb4 Rxc1 23. Rxc1 Nc7) 22. Nxh5 $18 gxh5 23. Qa5 Na8 24. Qxa6 Rxc1 25. Rxc1 (25. Bxc1 Bf8 $18) 25... Bf8 26. Nb4 (26. Bxb5 Nc7 $16) 26... Rg7 27. Nd3 (27. Bxb5 Nc7 $16) 27... h4 28. Kh2 Qf6 $2 (28... Qe8 29. Bf1 Qd8) 29. Ne1 Qg6 $2 (29... Qd8 {might work better.} 30. Bf1 Qb8) 30. Bf2 Qg5 31. Rc2 (31. Qxa8 Qxc1 32. Qa7 Qb2 $17) 31... Qf4+ $2 (31... Qd8 32. Bf1 (32. Bxb5 Nc7 $16) 32... Be7) 32. Kh1 h3 {intending ...hxg2+.} 33. g3 Rxg3 34. Bxg3 $2 (34. Nd3 Qg5 35. Bxg3 (35. Qxa8 $2 {gets mated.} Rg1+ 36. Bxg1 Qg2#) (35. Bd1 Rg2 $16)) 34... Qxg3 35. Qa5 h5 $2 (35... b4 {is a better defense.} 36. Qxb4 Bh6) 36. Bd1 Kf7 $2 (36... b4 37. Qxb4 Nc7) 37. Qd2 $2 (37. Nd3) 37... Bh6 38. Qf2 ({Don't do} 38. Qxh6 $6 Qxe1+ 39. Kh2 Qxd1 $16) 38... h4 39. Nd3 Ke7 40. Ra2 Nc7 {[%cal Ba8c7,Bc7e8,Be8f6,Bf6h5,Bh5f4,Bf4d3,Bd3f2][%mdl 32]} 41. b4 ({White should play} 41. Nb4 $16) 41... Ne8 42. Re2 ({Better is} 42. a4 $1 $14) 42... Nf6 $11 43. Re1 Nh5 {Hoping for ...Nf4.} 44. f4 $2 (44. Re2 $11 {and White has nothing to worry.}) 44... Nxf4 $40 {[%mdl 128] Black is out for blood.} 45. Rg1 $2 {[#]} (45. Re3 $19 Qg2+ 46. Qxg2 hxg2+ 47. Kh2) 45... Nxd3 {[%cal Rd3f2]} 46. Qxg3 hxg3 47. Rxg3 Nf2+ 48. Kg1 Nxd1 49. Rg6 Be3+ {Precision: White = 44%, Black = 32%.} 0-1

[Event "ESTCC U65 2018"]
[Site "Walbrzych"]
[Date "2018.04.15"]
[Round "2"]
[White "Ranki, Martti"]
[Black "Fitzke, Ulrich"]
[Result "1-0"]
[WhiteElo "1942"]
[BlackElo "1827"]
[Annotator "NA RC"]
[PlyCount "49"]
[EventDate "2018.??.??"]
[EventCountry "POL"]
[SourceTitle "playchess.com"]
[Source "ChessBase"]
[SourceQuality "1"]
[WhiteTeam "Finland"]
[BlackTeam "Germany"]
[WhiteTeamCountry "FIN"]
[BlackTeamCountry "GER"]
[TimeControl "40/5400+30:1800+30"]

1. d4 {[%emt 0:00:00]} d5 {[%emt 0:00:26]} 2. c4 {[%emt 0:00:00]} e6 {[%emt 0:00:22]} 3. Nf3 {[%emt 0:00:21]} Nf6 {[%emt 0:01:19]} 4. Bg5 {[%emt 0:00:35]} Be7 {[%emt 0:00:28]} 5. Nc3 {[%emt 0:00:18]} b6 {[%emt 0:05:16]} 6. e3 {[%emt 0:02:13]} Bb7 {[%emt 0:00:30]} 7. Bd3 {[%emt 0:00:27]} Nbd7 {[%emt 0:01:00] E12: Queen's Indian: Unusual White 4th moves, 4 a3, 4 Nc3 Bb7 5 a3 and 4 Nc3 Bb7} 8. O-O {[%emt 0:00:19]} c5 {[%emt 0:00:49]} (8... O-O 9. Qe2 Ne4 10. Bf4 Nxc3 11. bxc3 Nf6 12. Ne5 Rc8 13. Rac1 c5 14. h3 cxd4 15. cxd4 Ba3 16. Rc2 Qe7 17. Bg5 dxc4 18. Nxc4 {1-0 (39) Zherebukh,Y (2595)-Panchanatham,V (2352) Philadelphia 2016}) 9. Ne5 {[%emt 0:10:28]} cxd4 $146 {[%emt 0:02:22]} ({Predecessor:} 9... Nxe5 10. dxe5 Ne4 11. Bxe7 Qxe7 12. Qa4+ Qd7 13. Qxd7+ Kxd7 14. Rad1 Nxc3 15. bxc3 {½-½ (39) Schille,A (1127)-Gaul,L (1107) Sebnitz 2012}) 10. exd4 {[%emt 0:02:04]} Rc8 {[%emt 0:02:17]} 11. cxd5 {[%emt 0:04:42]} Nxd5 {[%emt 0:04:48]} 12. Bxe7 {[%emt 0:06:49]} Qxe7 {[%emt 0:03:06]} 13. Bb5 {[%emt 0:00:49]} N5f6 {[%emt 0:01:56]} 14. d5 {[%emt 0:05:38]} O-O {[%emt 0:01:25]} 15. Nxd7 {[%emt 0:00:44]} Nxd7 {[%emt 0:01:58]} 16. dxe6 {[%emt 0:01:51]} Nc5 {[%emt 0:04:19]} 17. exf7+ {[%emt 0:02:51]} Qxf7 {[%emt 0:00:38]} 18. Qg4 {[%emt 0:01:36]} Kh8 {[%emt 0:00:51]} 19. Rad1 {[%emt 0:02:03]} Rcd8 {[%emt 0:01:11]} 20. Bc4 {[%emt 0:01:24]} Qe7 {[%emt 0:04:57]} 21. h3 {[%emt 0:02:13]} Bc8 {[%emt 0:03:34]} 22. Qh5 {[%emt 0:02:44]} g6 {[%emt 0:03:31]} 23. Qh6 {[%emt 0:01:20]} Qf6 {[%emt 0:02:17]} 24. Qe3 {[%emt 0:02:29]} h5 (24... Be6 $16) 25. Qh6# 1-0